000 01003cam a2200277 i 4500
001 26422
003 Mx-PuUPA
005 20250618122338.0
008 140415s2023 mx gr 000 0 spa d
020 _a9786075953939
040 _aMx-PuUPA
_bspa
_cMx-PuUPA
_dMx-PuUPA
_erda
041 _aspa
245 1 0 _aCátedra familia noviazgo y matrimonio :
_ben celebración por los diez años de cefas UPAEP /
_cJosé Carlos Ortiz Muggenburg, editor ; Prólogo de Tomás Melendo
250 _aPrimera edición
264 1 _aCiudad de México :
_bLAMBDA Editorial,
_c2023
300 _a125 páginas ;
_c21 cm
336 _2rdacontent
_atexto
_btxt
337 _2rdamedia
_asin medio
_bn
338 _2rdacarrier
_avolumen
_bnc
650 7 _2armarc
_913986
700 1 _aOrtiz Muggenburg, José Carlos,
_eeditor
_915851
700 1 _aMelendo, Tomás,
_eprologuista
942 _2ddc
_cLI
_hxx
_ixx
999 _c26422
_d26422